Miasta, które pokonują Londyn - Statystyki

Ogólne statystyki
  • Ten quiz został rozwiązany 23 razy
  • Średni wynik to 10 z 18
Statystyki odpowiedzi
Ranga Kategoria Odpowiedź % Poprawnych
14 Najludniejsza stolica państwa według obszaru zurbanizowanego Tokio | Delhi | Dżakarta | Manila | Meksyk | Seul | Kair | Dhaka | Pekin | Bangkok | Moskwa | Buenos Aires | Teheran | Kinszasa
100%
7 Stolica kraju położona najbliżej terytorium Francji (z wyłączeniem Paryża) Monako | Luksemburg | Andora | Berno | Bruksela | Paramaribo
95%
7 Europejska stolica państwowa o najniższej wysokości Amsterdam | Monako | Kopenhaga | Ryga | Dublin | Oslo
90%
4 Pierwsze miasto, które gościło igrzyska olimpijskie Ateny | Paryż | St. Louis
81%
5 Więcej restauracji z gwiazdką Michelin Tokio | Paryż | Kyoto | Osaka
81%
18 Największy stadion Ahmedabad | Pjongjang | Ann Arbor | State College | Columbus | College Station | Baton Rouge | Knoxville | Austin | Tuscaloosa | Melbourne | Barcelona | Johannesburg | Kair | Athens (GA) | Lusail | Dallas
76%
4 Najwyższy wieżowiec w Europie Petersburg | Moskwa | Warszawa
76%
3 Najwięcej ambasad Bruksela | Waszyngton
57%
15 Najbardziej wysunięte na południe miasto w Anglii, posiadające oficjalny status miasta Truro | Plymouth | Exeter | Portsmouth | Brighton and Hove | Chichester | Southampton | Winchester | Salisbury | Wells | Canterbury | Bath | Bristol | Westminster
52%
2 Stolica państwa położona najbliżej Szkocji Dublin
52%
2 Najwięcej mistrzostw angielskiej Premier League Manchester
52%
4 Miasto z najbardziej ruchliwym lotniskiem pod względem liczby pasażerów (2023) Atlanta | Dubaj | Dallas
48%
3 Najludniejszy obszar zurbanizowany zaczynający się na literę L Lagos | Los Angeles
43%
7 Najludniejszy obszar zurbanizowany we Wspólnocie Narodów Delhi | Mumbaj | Dhaka | Karaczi | Lagos | Kalkuta
33%
2 Najludniejszy obszar zurbanizowany powyżej 50° N Moskwa
33%
2 Najludniejszy obszar zurbanizowany w 1950 roku Nowy Jork
33%
3 Najwięcej turystów zagranicznych (Euromonitor, 2024) Bangkok | Stambuł
24%
2 Najludniejszy obszar zurbanizowany w 1950 roku Pekin
5%
Nie znaleziono quizów pasujących do podanych kryteriów
Rozkład punktacji
Procent ludzi z każdym wynikiem
Percentyl według liczby udzielonych odpowiedzi
Twoja historia wyników
Nie rozwiązałeś tego quizu